000 00296nam a2200121Ia 4500
999 _c14195
_d14195
008 260210s9999 xx 000 0 und d
020 _a9781682866832
082 _a624.1762
100 _aGalea
245 0 _aEarthquake Research:Challenges And Concern
260 _bSyrawood
942 _cBPLAN
_2ddc